[Event "HUN-chT2 Breyer 0809"]
[Site "Hungary"]
[Date "2009.02.22"]
[Round "8"]
[White "Bodnar, Zoltan"]
[Black "Laszlo, Imre"]
[Result "1/2-1/2"]
[WhiteElo "2172"]
[BlackElo "2207"]
[PlyCount "130"]
[EventDate "2008.10.26"]
[EventType "team-tourn"]
[EventRounds "11"]
[EventCountry "HUN"]
[SourceTitle "EXT 2010"]
[Source "ChessBase"]
[SourceDate "2010.11.25"]
[SourceVersion "1"]
[SourceVersionDate "2010.11.25"]
[SourceQuality "1"]
[WhiteTeam "Balatonfuered"]
[BlackTeam "Tatai Honved"]
[WhiteTeamCountry "HUN"]
[BlackTeamCountry "HUN"]

1. d4 Nf6 2. c4 e6 3. Nc3 Bb4 4. f3 c5 5. d5 Nh5 6. Nh3 Qh4+ 7. Nf2 Qxc4 8. e4 Bxc3+ 9. bxc3 Qxc3+ 10. Bd2 Qd4 11. g4 Nf6 12. g5 Nxd5 13. exd5 Qe5+ 14. Be2 exd5 15. Nd3 Qd4 16. Nxc5 Qh4+ 17. Kf1 0-0 18. Qe1 Qh3+ 19. Kg1 d6 20. Nd3 Re8 21. Qf2 Qf5 22. Nb4 Nc6 23. Bd3 Qh3 24. Nxc6 bxc6 25. Qg3 Rb8 26. Qxh3 Bxh3 27. Kf2 Rb2 28. Rhd1 Be6 29. Kg3 d4 30. Bf4 Bxa2 31. Bxd6 Re3 32. Be4 Bd5 33. Bxd5 cxd5 34. Rxa7 h6 35. Bf4 Ree2 36. Kg4 hxg5 37. Kxg5 Rb3 38. Rxd4 Rxf3 39. Bg3 Re6 40. Ra8+ Kh7 41. Rxd5 Re4 42. Ra7 f6+ 43. Kh5 Ra3 44. Rdd7 Rxa7 45. Rxa7 Rd4 46. Rc7 Rd5+ 47. Kg4 Rg5+ 48. Kf4 Rb5 49. Rc4 Kh6 50. Kf3 Kg6 51. Bf2 Rf5+ 52. Kg3 Rd5 53. h4 Rd3+ 54. Kg4 Rd5 55. Rc5 Rd3 56. Bg3 f5+ 57. Kf4 Rd4+ 58. Ke3 Rb4 59. Rd5 Rb3+ 60. Kf2 Rb2+ 61. Kf3 Rb3+ 62. Kg2 Rb2+ 63. Bf2 Rb3 64. Rd7 Kh6 65. Bd4 g5 1/2-1/2

[Event "HUN-chT2 Breyer 0809"]
[Site "Hungary"]
[Date "2009.02.08"]
[Round "7"]
[White "Bodnar, Zoltan"]
[Black "Vass, Lajos"]
[Result "1-0"]
[WhiteElo "2172"]
[BlackElo "2159"]
[PlyCount "93"]
[EventDate "2008.10.26"]
[EventType "team-tourn"]
[EventRounds "11"]
[EventCountry "HUN"]
[SourceTitle "EXT 2010"]
[Source "ChessBase"]
[SourceDate "2010.11.25"]
[SourceVersion "1"]
[SourceVersionDate "2010.11.25"]
[SourceQuality "1"]
[WhiteTeam "Balatonfuered"]
[BlackTeam "BEAC II"]
[WhiteTeamCountry "HUN"]
[BlackTeamCountry "HUN"]

1. d4 Nf6 2. c4 e5 3. dxe5 Ng4 4. Nf3 Bc5 5. e3 Nc6 6. Nc3 0-0 7. a3 a5 8. Qd5 Qe7 9. Nb5 d6 10. exd6 cxd6 11. Be2 Be6 12. Qd1 f5 13. 0-0 Nce5 14. Nxe5 dxe5 15. Bxg4 fxg4 16. Qc2 Rf5 17. g3 Raf8 18. b3 Qf7 19. Nc3 Rf3 20. Qb2 Bf5 21. Ra2 Bd3 22. Rd1 e4 23. Nd5 Bd6 24. Nf4 g5 25. Nxd3 exd3 26. Rxd3 Bxg3 27. hxg3 Rxg3+ 28. Kf1 Qf3 29. Qe5 Qg2+ 30. Ke1 Qg1+ 31. Kd2 Rxf2+ 32. Kc3 Qxc1+ 33. Kd4 Rgf3 34. Qxg5+ Kh8 35. Rxf2 Rxf2 36. Qe5+ Kg8 37. Qe6+ Kh8 38. Qc8+ Kg7 39. Qxg4+ Kf7 40. Qh5+ Ke6 41. Qe8+ Kf6 42. Qf8+ Ke6 43. Qxf2 Qa1+ 44. Rc3 Qd1+ 45. Ke4 Qh1+ 46. Kd3 Qd1+ 47. Qd2 1-0

[Event "HUN-chT2 Breyer 0809"]
[Site "Hungary"]
[Date "2008.11.02"]
[Round "2"]
[White "Vida, Daniel"]
[Black "Bodnar, Zoltan"]
[Result "0-1"]
[WhiteElo "2026"]
[BlackElo "2172"]
[PlyCount "114"]
[EventDate "2008.10.26"]
[EventType "team-tourn"]
[EventRounds "11"]
[EventCountry "HUN"]
[SourceTitle "EXT 2010"]
[Source "ChessBase"]
[SourceDate "2010.11.25"]
[SourceVersion "1"]
[SourceVersionDate "2010.11.25"]
[SourceQuality "1"]
[WhiteTeam "Zsambek"]
[BlackTeam "Balatonfuered"]
[WhiteTeamCountry "HUN"]
[BlackTeamCountry "HUN"]

1. d4 d5 2. Nf3 c6 3. Bf4 Nf6 4. e3 Bg4 5. Nbd2 e6 6. c3 Ne4 7. Bd3 Nxd2 8. Qxd2 Bxf3 9. gxf3 Bd6 10. e4 Bxf4 11. Qxf4 Qf6 12. Qg3 Nd7 13. e5 Qh6 14. Rg1 g6 15. f4 a6 16. b4 a5 17. a4 axb4 18. cxb4 Qf8 19. Qe3 Qxb4+ 20. Ke2 Ra7 21. Rgb1 Qa5 22. Qc1 0-0 23. h4 Rfa8 24. h5 Qc7 25. hxg6 fxg6 26. Qg1 Nf8 27. Qd1 c5 28. Bb5 c4 29. Ra3 Qf7 30. Ke3 Qf5 31. f3 Rc8 32. Rc3 Rc7 33. Qc2 Qh3 34. Rg1 Ra8 35. Qf2 Rf7 36. Qg3 Qxg3 37. Rxg3 Nd7 38. Rc2 Raf8 39. Rg4 Kg7 40. Rh2 Nb8 41. Rgh4 Kg8 42. Kd2 Nc6 43. Kc3 Na5 44. Rh1 h5 45. Rg1 Kh7 46. Rgg4 Nb3 47. a5 Nxa5 48. Ba4 Kh6 49. Bc2 Rg7 50. Rg1 Nc6 51. Rb1 Ra8 52. Rh3 Ra3+ 53. Kb2 Re3 54. Rd1 b5 55. Rg3 Nb4 56. Bb1 c3+ 57. Kc1 Re2 0-1

[Event "HUN-chT2 Breyer 0708"]
[Site "Hungary"]
[Date "2008.03.16"]
[Round "8"]
[White "Rabovszky, Gyorgy"]
[Black "Bodnar, Zoltan"]
[Result "0-1"]
[WhiteElo "2045"]
[BlackElo "2172"]
[PlyCount "36"]
[EventDate "2007.10.14"]
[EventType "team"]
[EventRounds "11"]
[EventCountry "HUN"]
[SourceTitle "EXT 2009"]
[Source "ChessBase"]
[SourceDate "2008.11.26"]
[SourceVersion "1"]
[SourceVersionDate "2008.11.26"]
[SourceQuality "1"]
[WhiteTeam "Honved II"]
[BlackTeam "Balatonfuered"]
[WhiteTeamCountry "HUN"]
[BlackTeamCountry "HUN"]

1. e4 c5 2. Nf3 d6 3. Bb5+ Bd7 4. Bxd7+ Qxd7 5. Nc3 Nc6 6. d4 cxd4 7. Nxd4 g6 8. 0-0 Bg7 9. Be3 Nf6 10. Nxc6 bxc6 11. Qd2 Ng4 12. Rad1 Nxe3 13. Qxe3 Qe6 14. Rfe1 0-0 15. b3 Qe5 16. Rd3 Qa5 17. a4 e6 18. Ne2 Qxe1# 0-1

[Event "HUN-chT2 Breyer 0708"]
[Site "Hungary"]
[Date "2007.12.16"]
[Round "5"]
[White "Bodnar, Zoltan"]
[Black "Voros, Sandor"]
[Result "1/2-1/2"]
[WhiteElo "2172"]
[BlackElo "2064"]
[PlyCount "63"]
[EventDate "2007.10.14"]
[EventType "team"]
[EventRounds "11"]
[EventCountry "HUN"]
[SourceTitle "EXT 2009"]
[Source "ChessBase"]
[SourceDate "2008.11.26"]
[SourceVersion "1"]
[SourceVersionDate "2008.11.26"]
[SourceQuality "1"]
[WhiteTeam "Balatonfuered"]
[BlackTeam "Turul"]
[WhiteTeamCountry "HUN"]
[BlackTeamCountry "HUN"]

1. d4 Nf6 2. c4 g6 3. Nc3 Bg7 4. e4 d6 5. Nf3 0-0 6. Be2 Nbd7 7. 0-0 e5 8. Qc2 c6 9. Rd1 Qc7 10. d5 a5 11. Ne1 Ne8 12. Be3 f5 13. f3 f4 14. Bf2 c5 15. a3 g5 16. b4 axb4 17. axb4 Rxa1 18. Rxa1 b6 19. Nb5 Qb8 20. Nd3 h5 21. Na7 Bb7 22. Qa4 Nef6 23. Nb5 Ne8 24. Qa7 Qc8 25. Nb2 Bf6 26. Na4 Bd8 27. bxc5 bxc5 28. Rb1 Ba8 29. Nxd6 Nxd6 30. Nxc5 Nxc5 31. Bxc5 Rf7 32. Qa3 1/2-1/2

[Event "HUN-chT2 Breyer 0708"]
[Site "Hungary"]
[Date "2007.11.11"]
[Round "2"]
[White "Nadassy, Attila"]
[Black "Bodnar, Zoltan"]
[Result "1-0"]
[WhiteElo "2064"]
[BlackElo "2172"]
[PlyCount "109"]
[EventDate "2007.10.14"]
[EventType "team"]
[EventRounds "11"]
[EventCountry "HUN"]
[SourceTitle "EXT 2009"]
[Source "ChessBase"]
[SourceDate "2008.11.26"]
[SourceVersion "1"]
[SourceVersionDate "2008.11.26"]
[SourceQuality "1"]
[WhiteTeam "Penzugyor II"]
[BlackTeam "Balatonfuered"]
[WhiteTeamCountry "HUN"]
[BlackTeamCountry "HUN"]

1. d4 d5 2. Nc3 Nf6 3. Bg5 g6 4. Qd2 Bg7 5. f3 Nc6 6. 0-0-0 Ng8 7. e3 a6 8. h3 h6 9. Bh4 f5 10. f4 Nf6 11. Nf3 Ne4 12. Nxe4 fxe4 13. Ne5 Nxe5 14. dxe5 Be6 15. Qb4 b5 16. Qc5 Qd7 17. g4 c6 18. Bg2 Qb7 19. Rhf1 g5 20. Bg3 0-0 21. f5 Bc8 22. Rh1 Qa7 23. Qxa7 Rxa7 24. h4 gxh4 25. Rxh4 Kf7 26. Bf4 Rg8 27. Bh3 Rh8 28. Rh1 Ra8 29. Bf1 Bb7 30. e6+ Kf6 31. Bxh6 Bxh6 32. Rxh6+ Rxh6 33. Rxh6+ Ke5 34. Rh7 Re8 35. Bh3 c5 36. g5 Bc6 37. c3 a5 38. Bg4 b4 39. Bh5 Rg8 40. Bg6 Be8 41. Bf7 Rxg5 42. Bxe8 Rxf5 43. Rh5 Rxh5 44. Bxh5 Kxe6 45. Kc2 d4 46. cxd4 cxd4 47. exd4 Kd5 48. Kd2 Kxd4 49. Be8 e3+ 50. Ke2 Ke4 51. Ba4 Kd4 52. Bc2 e6 53. Bb3 Ke4 54. Ba4 Kd4 55. Bc2 1-0